000 00441 a2200169 4500
003 OSt
005 20180116182640.0
008 160518b xxu||||| |||| 00| 0 eng d
020 _a0
040 _c0
082 _a909 TOY 1955
100 _aARNOLD J. TOYNBEE
245 _aA STUDY OF HISTORY
_cARNOLD J. TOYNBEE
260 _aISLAMABAD
_bNATIONAL BOOK FOUNDATION ISLAMABAD
_c1955
300 _a414 p.
_bHB
942 _aNBS
_cBK
_k909 TOY
_2ddc
999 _c343409
_d343409